Normal view MARC view
  • PRADHAN, PROF . G.K.

Entry Personal Name

Number of records used in: 1

001 - CONTROL NUMBER

  • control field: 4002

003 - CONTROL NUMBER IDENTIFIER

  • control field: OSt

005 - DATE AND TIME OF LATEST TRANSACTION

  • control field: 20171205151838.0

008 - FIXED-LENGTH DATA ELEMENTS

  • fixed length control field: 171205|| aca||aabn | a|a d

040 ## - CATALOGING SOURCE

  • Original cataloging agency: OSt
  • Transcribing agency: OSt

100 ## - HEADING--PERSONAL NAME

  • Personal name: PRADHAN, PROF . G.K.

670 ## - SOURCE DATA FOUND

  • Source citation: Work cat.: (OSt): PRADHAN, PROF . G.K., HANDBOOK OF MINING ENGINEERING MULTIPLE CHOICE QUESTION, 2016